Catálogo
 En Linea

Un periodista en el Concilio. (Registro nro. 19425)

Detalles MARC
000 -CABECERA
campo de control de longitud fija 00713cam a22002291 4500
001 - NÚMERO DE CONTROL
campo de control 000019912
005 - FECHA Y HORA DE LA ÚLTIMA TRANSACCIÓN
campo de control 20200929170204.0
008 - DATOS DE LONGITUD FIJA--INFORMACIÓN GENERAL
campo de control de longitud fija 841210q19601969sp 000 0 spa
010 ## - NÚMERO DE CONTROL DE LA BIBLIOTECA DEL CONGRESO
Número de control de LC 70256873
035 ## - NÚMERO DE CONTROL DEL SISTEMA
Número de control de sistema (OCoLC)11472079
040 ## - FUENTE DE LA CATALOGACIÓN
Centro catalogador/agencia de origen DO-SdBNP
Centro/agencia transcriptor PLF
Centro/agencia modificador DLC
042 ## - CÓDIGO DE AUTENTICACIÓN
Código de autenticación premarc
050 00 - SIGNATURA TOPOGRÁFICA DE LA BIBLIOTECA DEL CONGRESO
Número de clasificación BX830 1962
Número de documento/Ítem .M365
100 2# - ENTRADA PRINCIPAL--NOMBRE DE PERSONA
Nombre de persona Martin Descalzo, Jose Luis,
Fechas asociadas al nombre 1930-
9 (RLIN) 42472
245 13 - MENCIÓN DE TÍTULO
Título Un periodista en el Concilio.
260 ## - PUBLICACIÓN, DISTRIBUCIÓN, ETC.
Lugar de publicación, distribución, etc. Madrid, :
Nombre del editor, distribuidor, etc. Propaganda Popular Catolica,
Fecha de publicación, distribución, etc. [196?].
300 ## - DESCRIPCIÓN FÍSICA
Extensión v. ;
Dimensiones 20 cm.
490 0# - MENCIÓN DE SERIE
Mención de serie Coleccion Cosas de Dios,
Designación de volumen o secuencia 16, 19, 26, 29
500 ## - NOTA GENERAL
Nota general Vol. 3: 2d ed.; v. 4: 4th ed.
611 20 - PUNTO DE ACCESO ADICIONAL DE MATERIA--NOMBRE DE REUNIÓN/CONGRESO
Nombre de congreso/reunión o jurisdicción como elemento de entrada Vatican Council
Número del congreso/reunión o número de parte o sección (2nd :
Fecha del congreso/reunión 1962-1965)
9 (RLIN) 42473
910 ## - DATOS DE OPCIÓN DEL USUARIO (OCLC)
Datos de opción del usuario Catalogación derivada / LC
Existencias
Estado de retiro Estado de pérdida Restricciones de uso No para préstamo Código de colección Localización permanente Ubicación/localización actual Ubicación en estantería Fecha de adquisición Número de inventario Total de préstamos Signatura topográfica completa Código de barras Fecha visto por última vez Precio válido a partir de Tipo de ítem Koha
      Excluido de préstamo Monografías: Libros y Folletos General General Depósito 09.07.2010 LF1   19912-10 25.06.2020 25.06.2020 No se presta

Con tecnología Koha